00490nam a2200085Ia 4500008004100000245002400041300027400065650001600339856004900355170517s9999 xx 000 0 und d 4aThe Origins of AIDS aWhile AIDS may be one of the most feared diseases of modern times, there is still a degree of scientific debate over the subject of just how the disease originated, and how the first cases spread. Two filmmakers explore a controversial theory about the beginnings of... xTechnology. uhttp://topdocumentaryfilms.com/origins-aids/